000 00650nam a2200181 i 4500
001 97944
003 ES-MaACL
005 20230906182204.0
007 t|
008 050721s1978 sp ||||1| spa d
100 1 _aMarín Quemada, José María.
_976810
245 1 0 _aPolítica petrolífera española /
_cpor José Mª Marín Quemada; prólogo de Javier Irastorza Revuelta.
260 _aMadrid :
_bConfederación Española de Cajas de Ahorro,
_c1978.
300 _a221 p. :
_bil. ;
_c22 cm.
700 1 _aIrastorza Revuelta, Javier.
_965422
710 2 _aConfederación Española de Cajas de Ahorros.
_93148
852 _aES-MaACL
_jA-8427
_bR.97583
999 _c97944
_d97944